LEADER 01107nam a2200253 u 4500 001 000000020625 003 CaOOAMICUS 005 20070226110924.0 008 950321s1938 fr u000 u fre u 035 $a10504407 040 $aPUL(R)$bita 100 1 $aPaulus, Jean.$0(OLS)http://pul/name/17903 245 10$aHenri de Gand :$bessai sur les tendences de sa métaphysique /$cpar Jean Paulus ; préface de M. Etienne Gilson. 260 $aParis :$bJ. Vrin,$c1938. 300 $axxxii, 402 p. ;$c25 cm 490 1 $aEtudes de philosophie médiévale ;$v25 700 1 $aGilson, Etienne,$d1884-1978.$0(OLS)http://pul/name/629 830 0$aEtudes de philosophie médiévale ;$v25.$0(OLS)http://pul/title/1367 850 $aPUL 852 $aPUL$W1$xSL Filosofia 2$y80$mPhil A4 25$j28972$nBK-PRI$b $qStampati altre collocazioni$B28972$CPULBib$Z2$F28972 $H $81 941 1 $a10 961 $aINV: 11206 996 $6245$aHenri de Gand :$bessai sur les tendences de sa métaphysique$9(OLS)http://pul/title/29000 996 $6260$aParis :$bJ. Vrin$9(OLS)http://pul/publisher/48393 LEADER 01608nam a2200325 u 4500 001 000000071394 003 CaOOAMICUS 005 20070226122127.0 008 020527s2001 it u000 u ita u 020 $a88-323-4601-X 035 $a10931119 040 $aEFR$bita 041 0 $aita$aspa 245 00$aOrtega y Gasset pensatore e narratore d'Europa :$b(Milano, 13-14 novembre 1988 (sic!), Gargnano del Garda, 16-18 novembre 1998) /$ca cura di F. Moiso, M. Cipolloni, J.C. Lévêque. 260 $aMilano :$bCisalpino,$c2001. 300 $a347 p. ;$c24 cm 490 1 $aQuaderni di Acme ;$v48 500 $aIncludes bibliographical references. 600 14$aOrtega y Gasset, José,$d1883-1955$xCongressi.$0(OLS)http://pul/subject/25385 651 0$aEurope$xIntellectual life$xCongresses$y20th century.$2//eng$0(OLS)http://pul/subject/25386 700 1 $aMoiso, Francesco,$d1944-$0(OLS)http://pul/name/47394 700 1 $aLévêque, Jean-Claude.$0(OLS)http://pul/name/47396 700 1 $aCipolloni, Marco.$0(OLS)http://pul/name/47395 830 0$aQuaderni di Acme ;$v48.$0(OLS)http://pul/title/6215 850 $aPUL 852 $aPUL$W1$xDP1 Altre Collocazioni$y17$m1095 C 48$j92349$nBK-PRI$b $qStampati$B92349$CPULBib$Z2$F92349 $HPUL87802 $81 941 1 $a8 996 $6020$a88-323-4601-X$9(OLS)http://pul/number/92240 996 $6245$aOrtega y Gasset pensatore e narratore d'Europa :$b(Milano, 13-14 novembre 1988 (sic!), Gargnano del Garda, 16-18 novembre 1998)$9(OLS)http://pul/title/93989 996 $6260$aMilano :$bCisalpino$9(OLS)http://pul/publisher/58953